Online
Catalog

Gestión financiera : (Record no. 1818)

MARC details
000 -CABECERA
campo de control de longitud fija 00594nam a2200193 a 4500
001 - NÚMERO DE CONTROL
campo de control 000001952
005 - FECHA Y HORA DE LA ÚLTIMA TRANSACCIÓN
campo de control 20200929145754.0
008 - DATOS DE LONGITUD FIJA--INFORMACIÓN GENERAL
campo de control de longitud fija 090630s2002 sp a 001 0 spa d
020 ## - NÚMERO INTERNACIONAL ESTÁNDAR DEL LIBRO
Número Internacional Estándar del Libro 8497320921
040 ## - FUENTE DE LA CATALOGACIÓN
Centro catalogador/agencia de origen DO-SdBNP
Lengua de catalogación spa
Centro/agencia transcriptor BNPHU
082 ## - NÚMERO DE LA CLASIFICACIÓN DECIMAL DEWEY
Número de clasificación 658.15
Número de documento/Ítem E74a
100 1# - ENTRADA PRINCIPAL--NOMBRE DE PERSONA
Nombre de persona Escribano Ruiz, Gabriel
9 (RLIN) 6341
245 10 - MENCIÓN DE TÍTULO
Título Gestión financiera :
Resto del título administración y finanzas /
Mención de responsabilidad, etc. Gabriel Escribano Ruiz.
260 ## - PUBLICACIÓN, DISTRIBUCIÓN, ETC.
Lugar de publicación, distribución, etc. Madrid, :
Nombre del editor, distribuidor, etc. Thomson,
Fecha de publicación, distribución, etc. 2002.
300 ## - DESCRIPCIÓN FÍSICA
Extensión 331 p :
Otras características físicas il. ;
Dimensiones 30 cm.
500 ## - NOTA GENERAL
Nota general Incluye índice
650 #4 - PUNTO DE ACCESO ADICIONAL DE MATERIA--TÉRMINO DE MATERIA
Término de materia o nombre geográfico como elemento de entrada Administración financiera
9 (RLIN) 6342
650 #4 - PUNTO DE ACCESO ADICIONAL DE MATERIA--TÉRMINO DE MATERIA
Término de materia o nombre geográfico como elemento de entrada Compañia
Subdivisión general Finanzas
9 (RLIN) 6343
Holdings
Estado de retiro Estado de pérdida Restricciones de uso No para préstamo Código de colección Localización permanente Ubicación/localización actual Ubicación en estantería Fecha de adquisición Número de inventario Total de préstamos Signatura topográfica completa Código de barras Fecha visto por última vez Precio válido a partir de Tipo de ítem Koha
      Excluido de préstamo Monografías: Libros y Folletos General General Depósito 30.06.2009 LF1   658.15 E74a 1952-10 25.06.2020 25.06.2020 No se presta

Powered by Koha